LEADER 01398nam 2200457 450 001 9910555165303321 010 $a1-119-25283-0 010 $a1-119-25281-4 010 $a1-119-25284-9 035 $a(CKB)4330000000009645 035 $a(MiAaPQ)EBC5813673 035 $a(EXLCZ)994330000000009645 100 $a20190808d2019 uy 0 101 0 $aeng 135 $aurcnu|||||||| 181 $ctxt$2rdacontent 182 $cc$2rdamedia 183 $acr$2rdacarrier 200 10$aBIM for design firms $edata rich architecture at small and medium scales /$fFranc?ois Le?vy, Texas, Jeffrey W. Ouellette 210 1$aHoboken, New Jersey :$cWiley,$d[2019] 210 4$dİ2019 215 $a1 online resource (237 pages) 300 $aIncludes index. 311 $a1-119-25280-6 606 $aBuilding information modeling 606 $aArchitects and builders 606 $aArchitecture$xData processing$vCase studies 608 $aElectronic books. 615 0$aBuilding information modeling. 615 0$aArchitects and builders. 615 0$aArchitecture$xData processing 676 $a720.285 700 $aLe?vy$b Franc?ois$f1966-$01152698 702 $aOuellette$b Jeffrey W. 801 0$bMiAaPQ 801 1$bMiAaPQ 801 2$bMiAaPQ 906 $aBOOK 912 $a9910555165303321 996 $aBIM for design firms$92817061 997 $aUNINA LEADER 02753 am 22005413u 450 001 9910265250503321 005 20200323150358.0 010 $a1-78320-830-9 010 $a1-78320-831-7 035 $a(CKB)4340000000205827 035 $a(MiAaPQ)EBC5064687 035 $a(ScCtBLL)514217e6-c467-4003-b53f-4167d01271fc 035 $a(oapen)https://directory.doabooks.org/handle/20.500.12854/34767 035 $a(EXLCZ)994340000000205827 100 $a20171025h20172017 uy 0 101 0 $aeng 135 $aurcnu|||||||| 181 $2rdacontent 182 $2rdamedia 183 $2rdacarrier 200 14$aThe imaginary geography of Hollywood Cinema 1960-2000 /$fChristian B. Long 210 $aBristol$cIntellect$d2017 210 1$aBristol, England ;$aChicago, Illinois :$cIntellect,$d2017. 210 4$dİ2017 215 $a1 online resource (274 pages) $cillustrations 311 $a1-78320-829-5 320 $aIncludes bibliographical references and index. 327 $gIntroduction:$tWhere is Hollywood cinema? --$tBurt Reynolds brings the New South to Hollywood --$tNew Hollywood, the contemporary midwest, and collective action --$tGetting around the suburbs in the blockbuster era's big hits --$gColour maps --$tPolitics for couch potatoes : video rental success stories --$tImagining more for medium-sized cities, 1975-2000 --$tIt's not such a small world after all : Disney live action films in the 1960s --$gConclusion:$tWhere Isn't Hollywood cinema? 330 $aThe Imaginary Geography of Hollywood Cinema 1960-2000 combines digital cartography with close readings of representative films to write a history of twentieth century Hollywood narrative cinema at the intersection of the geographies of narrative location, production, consumption and taste in the post-classical era, before the rise of digital cinema. This text reorients and redraws the boundaries of film history both literally and figuratively by cataloguing films' narrative locations on digital maps to examine where Hollywood locates its narratives over time. 606 $aMotion picture locations$zUnited States 606 $aTelevision program locations$zUnited States 610 $aMedia & Communications 610 $aHollywood cinema 610 $acinema geography 610 $afilm cartography 610 $anarrative location 610 $aUnited States 615 0$aMotion picture locations 615 0$aTelevision program locations 676 $a384.80973 700 $aLong$b Christian B.$0987394 801 0$bMiAaPQ 801 1$bMiAaPQ 801 2$bMiAaPQ 906 $aBOOK 912 $a9910265250503321 996 $aThe imaginary geography of Hollywood Cinema 1960-2000$92256739 997 $aUNINA LEADER 01803nam 2200577 450 001 9910158738003321 005 20230926064956.0 010 $a1-119-12807-2 010 $a1-119-12806-4 010 $a1-119-12805-6 035 $a(CKB)4330000000008737 035 $a(MiAaPQ)EBC4783898 035 $a(Au-PeEL)EBL4783898 035 $a(CaPaEBR)ebr11329262 035 $a(CaONFJC)MIL986153 035 $a(OCoLC)968635715 035 $a(EXLCZ)994330000000008737 100 $a20170124h20172017 uy 0 101 0 $aeng 135 $aurcnu|||||||| 181 $ctxt$2rdacontent 182 $cc$2rdamedia 183 $acr$2rdacarrier 200 10$aHarnessing bistable structural dynamics for vibration control, energy harvesting and sensing /$fRyan L. Harne, K. W. Wang 210 1$aChichester, West Sussex, England :$cWiley,$d2017. 210 4$dİ2017 215 $a1 online resource (xiii, 390 pages) 225 1 $aTHEi Wiley ebooks 311 $a1-119-12804-8 320 $aIncludes bibliographical references at the end of each chapters and index. 410 0$aTHEi Wiley ebooks. 606 $aDamping (Mechanics) 606 $aMicroharvesters (Electronics) 606 $aDetectors 606 $aBistability 606 $aStructural dynamics 615 0$aDamping (Mechanics) 615 0$aMicroharvesters (Electronics) 615 0$aDetectors. 615 0$aBistability. 615 0$aStructural dynamics. 676 $a620.3/7 700 $aHarne$b Ryan L.$f1985-$0946799 702 $aWang$b K. W. 801 0$bMiAaPQ 801 1$bMiAaPQ 801 2$bMiAaPQ 906 $aBOOK 912 $a9910158738003321 996 $aHarnessing bistable structural dynamics for vibration control, energy harvesting and sensing$92139049 997 $aUNINA